Cultural anthropology / (Record no. 54288)

MARC details
000 -LEADER
fixed length control field 00877nam a22002777a 4500
005 - DATE AND TIME OF LATEST TRANSACTION
control field 20110725111748.0
008 - FIXED-LENGTH DATA ELEMENTS--GENERAL INFORMATION
fixed length control field 110725t xxu||||| |||| 00| 0 eng d
010 ## - LCCN (DPL NO)
LC control number ENG-103111
020 ## - INTERNATIONAL STANDARD BOOK NUMBER
International Standard Book Number 9788120343771
Terms of availability 450.00
035 ## - SYSTEM CONTROL NUMBER
System control number EN-86644
037 ## - SOURCE OF ACQUISITION
Source of stock number/acquisition DBAD / PUB
040 ## - CATALOGING SOURCE
Original cataloging agency dpl
Language of cataloging English
082 ## - DEWEY DECIMAL CLASSIFICATION NUMBER
Classification number 306
100 ## - MAIN ENTRY--PERSONAL NAME
9 (RLIN) 29868
Personal name Miller, Barbara
245 ## - TITLE STATEMENT
Title Cultural anthropology /
Statement of responsibility, etc by Barbara Miller
250 ## - EDITION STATEMENT
Edition statement 6th ed
260 ## - PUBLICATION, DISTRIBUTION, ETC. (IMPRINT)
Place of publication, distribution, etc New Delhi
Name of publisher, distributor, etc PHI Learning
Date of publication, distribution, etc 2011
270 ## - ADDRESS
Address M-97, Connaught Circus
City New Delhi
Postal code 110001
300 ## - PHYSICAL DESCRIPTION
Extent xxi, 428p. :
Dimensions 28cm (pbk)
Other physical details ill.
500 ## - GENERAL NOTE
General note Includes bibliographical references and index
650 ## - SUBJECT ADDED ENTRY--TOPICAL TERM
9 (RLIN) 29869
651 ## - SUBJECT ADDED ENTRY--GEOGRAPHIC NAME
9 (RLIN) 1549
700 ## - ADDED ENTRY--PERSONAL NAME
9 (RLIN) 29871
942 ## - ADDED ENTRY ELEMENTS (KOHA)
Source of classification or shelving scheme Dewey Decimal Classification
Item type English Books
Classification part 306
Call number suffix MIL
Holdings
Withdrawn status Lost status Source of classification or shelving scheme Damaged status Not for loan Collection code Home library Current library Date acquired Source of acquisition Cost, normal purchase price Total Checkouts Full call number Barcode Date last seen Copy number Cost, replacement price Koha item type
    Dewey Decimal Classification   Not For Loan Non-fiction D.B.Act.Division D.B.Act.Division 25/07/2011 DBAD/PUB 450.00   306 MIL EN-86644 25/07/2011 1 450.00 English Books

© Delhi Public Library
Hit Counter
free hit counter